000 00557nam a2200217Ia 4500
003 OSt
005 20220928144726.0
006 a|||||r|||| 00| 0
007 ta
008 220927b |||||||| |||| 00| 0 eng d
024 _a73291
037 _cTextual
040 _aSDCL
_cSDCL
_beng
041 _2eng
_aeng
082 _aV6'N63, L7
100 _aCervenka Zdenek
_9509275
245 0 _aUnfinished quest for unity
_b Africa and the OAU.
260 _c1977
942 _hV6'N63, L7
_cTEXL
_2CC
999 _c829194
_d829194